000
00294nam a22001217a 4500
008
180730b xxu||||| |||| 00| 0 eng d
082
_2
813.52
245
_a
General Medical Conditions in the Athlete
_c
Cuppet, M
260
_c
2005
300
_a
1
_f
CD
440
_x
9996003248
942
_2
ddc
_c
MX
999
_c
46666
_d
46666